000 00637nam a2200241Ia 4500
003 OSt
005 20220918211941.0
006 a|||||r|||| 00| 0
007 ta
008 220917b |||||||| |||| 00| 0 eng d
024 _a126,370
037 _cTextual
040 _aARTS
_cARTS
_beng
041 _2eng
_aeng
082 _aW4v2:C:(Q), K6;K9
100 _aGonda J
245 0 _aAncient Indian kingship from the religious of view
260 _aLeiden
_bE J Brill
_c1969
300 _a147p.
_ccm.
650 _aPOLITICAL SCIENCE
942 _hW4v2:C:(Q), K6;K9
_cTEXL
_2CC
999 _c249515
_d249515